00330pam a2200133a 44500008004100000020002700041082001300068100001700081245003400098250001200132260003200144300001100176502000900187230405s2022 xxu||||| |||| 00| 0 eng d a9789354654930cRs. 595 a150bSRE aSreevani, R. aApplied Psychology for Nurses a4th Ed. aNew DelhibJaypee Pubc2022 a261 p. atext